| 000 | 00443nam a2200169 a 4500 | ||
|---|---|---|---|
| 005 | 20140310183203.0 | ||
| 008 | 030124s19uu xx 00 eng d | ||
| 020 | _a 038044156x | ||
| 050 |
_aPS 9993.I27 _b.H652 1979 |
||
| 100 | _aHillerman, Tony | ||
| 245 |
_aThe Fly on the wall / _cTony Hillerman. |
||
| 260 |
_aNew York : _bAvon Books, _c1979. |
||
| 300 |
_a221 p. : _c18 cm. |
||
| 650 | _aFiction | ||
| 942 |
_cBK _2lcc |
||
| 999 |
_c19902 _d19902 |
||